Espacios : identidad con grandeza = Spaces 18 : Identity with Greatness /

Serie eminentemente visual, que presenta las propuestas de diversos despachos arquitectónicos mexicanos, en torno a distintos géneros. Incluye breves textos y un directorio de los creadores considerados, con una caracterización de la obra que realizan.

שמור ב:
מידע ביבליוגרפי
מחבר ראשי: Haro Lebrija, Fernando de (edición)
מחברים אחרים: Fuentes Elizondo, Omar (edición) (edición), Sordo Madaleno de Haro, Javier (introducción) (introducción)
פורמט: ספר
שפה:ספרדית
יצא לאור: México : AM Editores, 2016, c2016
סדרה:(Espacios en Arquitectura ; 18)
נושאים:
תגים: הוספת תג
אין תגיות, היה/י הראשונ/ה לתייג את הרשומה!

MARC

LEADER 00000nam^a2200000^a^4500
001 000578287
005 20250521000000.0
009 20260310132506.199
020 |a 978-607-437-368-4 
037 |a Acervo ITESO - Biblioteca 
041 |a ESP 
082 |a 720. 972  |b ESP V. 18 
100 |a Haro Lebrija, Fernando de  |e (edición) 
240 1 1 |a [Espacios en arquitectura] 
245 1 0 |a Espacios :  |b identidad con grandeza = Spaces 18 : Identity with Greatness /  |c Ed. de F. de Haro Lebrija, O. Fuentes Elizondo ; introd. de J. Sordo Madaleno de Haro ; tr. por Aline Bérnard Padilla. 
264 4 |a México :  |b AM Editores,  |c 2016, c2016 
300 |a 189 p. 
336 |a texto  |b txt  |2 rdacontenido 
337 |a sin mediación  |b n  |2 rdamedio 
338 |a volumen  |b nc  |2 rdasoporte 
440 1 |a (Espacios en Arquitectura ;  |v 18) 
520 |a Serie eminentemente visual, que presenta las propuestas de diversos despachos arquitectónicos mexicanos, en torno a distintos géneros. Incluye breves textos y un directorio de los creadores considerados, con una caracterización de la obra que realizan. 
546 |a Edición bilingüe español-inglés 
649 |a XX 
650 |a Arquitectos Mexicanos 
650 |a Artistas Mexicanos 
650 |a Decoración y Ornamentación -  |z México 
650 |a Arquitectura (Tendencias Recientes) -  |z México -  |x Tema Principal 
650 |a Arquitectura (Tendencias Recientes) -  |z México -  |x Historia y Crítica 
650 |a Arquitectura Mexicana -  |x Historia y Crítica 
650 |a Arquitectura Mexicana -  |y Siglo XXI 
650 |a Arte (Tendencias Recientes) -  |z México -  |x Historia y Crítica 
650 |a Arte Mexicano -  |x Historia y Crítica 
650 |a Arte Mexicano -  |y Siglo XXI 
700 |a Fuentes Elizondo, Omar  |e (edición) 
700 |a Sordo Madaleno de Haro, Javier  |e (introducción) 
910 |a Fondo General 
920 |a Impresos - Libros 
930 |a Reserva Especial 
905 |a 103 
901 |a 0500389261  |b IT1  |c REE  |i C183137  |u 20250521 
902 |a https://opac.biblio.iteso.mx/vufind/Record/000578287